| 000 | 00000nam##2200000za#4500 |
| 001 | 9.640088 |
| 003 | CaOODSP |
| 005 | 20250128101653 |
| 007 | cr ||||||||||| |
| 008 | 150407|2002||||xxc|||||o f|0| 0 fre|d |
| 040 | |aCaOODSP|bfre |
| 043 | |an-cn--- |
| 086 | 1 |aSF31-54/2001F-PDF |
| 110 | 1 |aCanada. |bBureau du Commissaire aux langues officielles. |
| 245 | 10|aL'immigration et l'épanouissement des communautés de langue officielle au Canada : |h[ressource électronique]|bpolitiques, démographie et identité / |cpar Jack Jedwab. |
| 260 | |aOttawa - Ontario : |bCommissariat aux langues officielles |cc2002. |
| 300 | |a88p.|bréférences, tableaux |
| 500 | |aLe nº de catalogue (SF31-54/2001) et l'ISBN (0-662-65825-6) de l'édition imprimée bilingue ont été incorrectement copiés dans cette édition électronique. |
| 520 | 3 |aCette étude présente une analyse préliminaire de l'efficacité de la gouvernance des minorités de langue officielle au Canada (les anglophones au Québec et les francophones partout ailleurs au Canada). Elle analyse les ententes entre le gouvernement fédéral et les minorités de langue officielle de chaque province et territoire (Ententes Canada-communautés). Préparée pour le Commissariat aux langues officielles par Linda Cardinal et Marie-Ève Hudon de l'Université d'Ottawa, l'étude établit le travail préliminaire pour promouvoir la pensée actuelle quant à l'efficacité d'une gouvernance horizontale des minorités de langue officielle. |
| 546 | |aBilingue |
| 590 | |a12-16-Supp|b2012-04-17 |
| 691 | 07|aImmigration|2gcpds |
| 691 | 07|aLangue officielle|2gcpds |
| 691 | 07|aPolitique|2gcpds |
| 691 | 07|aDémographie|2gcpds |
| 720 | 1 |aJedwab, Jack |
| 775 | 08|tImmigration and the vitality of Canada's linguistic communities : |w(CaOODSP)9.695970 |
| 776 | 0#|tImmigration and the vitality of Canada's linguistic communities : |w(CaOODSP)9.662877 |
| 776 | 0#|tL'immigration et l'épanouissement des communautés de langue officielle au Canada : |w(CaOODSP)9.662878 |
| 856 | 40|ahttp://publications.gc.ca|qPDF|s484 Ko|uhttps://publications.gc.ca/collections/Collection/SF31-54-2001F.pdf |